Grand Prix du Festival de bande dessinée d'Angoulême - Statistiques

Statistiques générales
  • Ce quiz a été pris 49 fois
    9 depuis la dernière actualisation
  • Le résultat moyen est 13 sur 59
Statistiques - réponses
Année Nom de l'auteur % Correct
1974 André Franquin
100%
1983 Claire Bretécher
67%
2023 Riad Sattouf
67%
2004 Zep
67%
1999 Albert Uderzo
50%
1991 Gotlib
50%
1988 Hugo Pratt
50%
1978 Jean-Marc Reiser
50%
1981 Moebius
50%
1992 Morris
50%
2024 Posy Simmonds
50%
2025 Anouk Ricard
33%
2011 Art Spiegelman
33%
2015 Charlie Hebdo
33%
1987 Enki Bilal
33%
2000 Florence Cestac
33%
1988 Philippe Druillet
33%
2003 Régis Loisel
33%
1989 René Pétillon
33%
1999 Robert Crumb
33%
2014 Bill Watterson
17%
2009 Blutch
17%
2008 Charles Berberian
17%
2021 Chris Ware
17%
1997 Daniel Goossens
17%
1998 François Boucq
17%
1992 Frank Margerin
17%
2005 Georges Wolinski
17%
1993 Gérard Lauzier
17%
1985 Jacques Tardi
17%
2012 Jean-Claude Denis
17%
1984 Jean-Claude Mézières
17%
2015 Katsuhiro Ōtomo
17%
2006 Lewis Trondheim
17%
1994 Nikita Mandryka
17%
2008 Philippe Dupuy
17%
1976 René Pellos
17%
1975 Will Eisner
17%
2013 Willem
17%
2013 Akira Toriyama
0%
1996 André Juillard
0%
2010 Baru
0%
2017 Cosey
0%
2020 Emmanuel Guibert
0%
2002 François Schuiten
0%
1980 Fred
0%
2016 Hermann
0%
1986 Jacques Lob
0%
1983 Jean-Claude Forest
0%
1977 Jijé
0%
2007 José Muñoz
0%
2022 Julie Doucet
0%
1979 Marijac
0%
2001 Martin Veyron
0%
1990 Max Cabanes
0%
1982 Paul Gillon
0%
1995 Philippe Vuillemin
0%
2018 Richard Corben
0%
2019 Rumiko Takahashi
0%
Aucun quiz correspondant
Distribution des résultats
% des personnes avec chaque résultat
Percentile par nombre de réponses
Votre historique - résultats
Vous n’avez pas pris ce quiz depuis la dernière actualisation